[Event "FRM-ch op 23rd"]
[Site "Struga"]
[Date "2014.08.29"]
[Round "5"]
[White "Grabcheva, Natalia"]
[Black "Jancev, Valentin"]
[Result "1/2-1/2"]
[WhiteElo "1509"]
[BlackElo "1885"]
[PlyCount "135"]
[EventDate "2014.08.25"]
[EventType "swiss"]
[EventRounds "9"]
[EventCountry "MKD"]
[SourceTitle "CBM 162 Extra"]
[Source "ChessBase"]
[SourceDate "2014.10.17"]
[SourceVersion "1"]
[SourceVersionDate "2014.10.17"]
[SourceQuality "1"]

1. b3 d5 2. e3 Nf6 3. Bb2 Bf5 4. d4 e6 5. Nf3 c6 6. c4 Nbd7 7. Be2 Bb4+ 8. Bc3 Qa5 9. Bxb4 Qxb4+ 10. Qd2 Qd6 11. Nc3 Ne4 12. Nxe4 Bxe4 13. b4 dxc4 14. Bxc4 Nb6 15. Bb3 Nd5 16. Bxd5 Qxd5 17. Qe2 0-0 18. 0-0 a6 19. Rfc1 Qh5 20. Rc5 f5 21. Re1 Qg4 22. h3 Qg6 23. Nh4 Qg5 24. Nf3 Qg6 25. Nh4 Qf6 26. Nf3 Bd5 27. Ne5 Qh4 28. f3 Bxa2 29. Nd7 Rf7 30. Nb6 Rd8 31. Ra5 Bb3 32. Ra3 Bd5 33. e4 fxe4 34. fxe4 Bxe4 35. Qxe4 Qf2+ 36. Kh1 Qxd4 37. Qxd4 Rxd4 38. Rb3 Re7 39. Kg1 e5 40. Ree3 e4 41. Rec3 Re5 42. Rc4 Rd1+ 43. Kf2 Rd2+ 44. Ke3 Rxg2 45. Rxe4 Rg3+ 46. Kf4 Rxb3 47. Kxe5 Rxh3 48. Kd6 Rf3 49. Nd7 Rd3+ 50. Kc7 h5 51. Ne5 Rd5 52. Kxb7 c5 53. Kc6 Rd4 54. Rxd4 cxd4 55. Kd5 h4 56. Kxd4 g5 57. Ke3 Kf8 58. Nd7+ Ke7 59. Nc5 Kd6 60. Nxa6 Kc6 61. Nc5 Kb5 62. Nd3 g4 63. Kf4 g3 64. Kf3 Kc4 65. Nf4 Kxb4 66. Ng2 h3 67. Kxg3 hxg2 68. Kxg2 1/2-1/2